[Event "MCR_EM_CF10"]
[Site "?"]
[Date "2004.??.??"]
[Round "?"]
[White "Glaser, Karel"]
[Black "Zahour, Jiri"]
[Result "1-0"]
[WhiteElo "2082"]
[BlackElo "2114"]
[PlyCount "29"]
[EventDate "2004.??.??"]

1. e4 Nf6 2. e5 Nd5 3. d4 d6 4. c4 Nb6 5. f4 Bf5 6. Nc3 e6 7. Be3 dxe5 8. fxe5
Bb4 9. Nf3 c5 10. Be2 O-O 11. O-O cxd4 12. Nxd4 Bg6 13. Qb3 Qc7 14. Qxb4 Rc8
15. Nf3 1-0

[Event "MCR_EM_CF10"]
[Site "?"]
[Date "2004.??.??"]
[Round "?"]
[White "Pauschek, Roman"]
[Black "Zahour, Jiri"]
[Result "0-1"]
[WhiteElo "2082"]
[BlackElo "2114"]
[PlyCount "24"]
[EventDate "2004.??.??"]

1. e4 Nf6 2. Nc3 e6 3. e5 Nd5 4. Nxd5 exd5 5. d4 d6 6. Nf3 Nc6 7. Bb5 Be7 8.
O-O O-O 9. c3 Bg4 10. Re1 dxe5 11. dxe5 a6 12. Bxa6 Rxa6 0-1

[Event "MCR_EM_CF10"]
[Site "?"]
[Date "2004.??.??"]
[Round "?"]
[White "Glaser, Karel"]
[Black "Mateka, Petr"]
[Result "1/2-1/2"]
[WhiteElo "2082"]
[BlackElo "2000"]
[PlyCount "79"]
[EventDate "2004.??.??"]

1. e4 e5 2. Nf3 Nc6 3. Bb5 a6 4. Ba4 Nf6 5. O-O Be7 6. Re1 b5 7. Bb3 O-O 8. c3
d6 9. h3 Na5 10. Bc2 c5 11. d4 Qc7 12. Nbd2 Nc6 13. a4 cxd4 14. cxd4 Bd7 15.
Nf1 Nxd4 16. Nxd4 exd4 17. Ng3 Rfc8 18. Bb3 Qc5 19. Qd3 bxa4 20. Bxa4 Qb4 21.
Bd2 Qc4 22. Qxc4 Rxc4 23. b3 Rc2 24. Bf4 Kf8 25. Red1 Be6 26. Rxd4 d5 27. e5
Nd7 28. Bxd7 Bc5 29. Rd2 Rxd2 30. Bxd2 Bxd7 31. Rc1 Ba3 32. Rc7 Be6 33. Ne2 Rc8
34. Ra7 Bb2 35. Be3 Bxe5 36. Rxa6 Rc2 37. Nd4 Rb2 38. Kf1 Bf6 39. Ke1 h5 40.
Ra8+ 1/2-1/2

[Event "MCR_EM_CF10"]
[Site "?"]
[Date "2004.??.??"]
[Round "?"]
[White "Mateka, Petr"]
[Black "Glaser, Karel"]
[Result "1-0"]
[WhiteElo "2000"]
[BlackElo "2082"]
[PlyCount "77"]
[EventDate "2004.??.??"]

1. e4 e5 2. Nf3 Nc6 3. Bb5 a6 4. Ba4 Nf6 5. O-O Be7 6. Re1 b5 7. Bb3 d6 8. c3
O-O 9. h3 Bb7 10. d4 Re8 11. Nbd2 Bf8 12. d5 Nb8 13. Nf1 Nbd7 14. a4 Nb6 15.
Bg5 h6 16. Bxf6 Qxf6 17. Bc2 Rec8 18. b4 Nxa4 19. Bxa4 bxa4 20. Ne3 c5 21. Qxa4
cxb4 22. cxb4 Rcb8 23. Nc4 Qg6 24. Nb6 Ra7 25. Qd7 Qf6 26. Rec1 Rd8 27. Qc7 Re8
28. b5 Qe7 29. Nd2 g6 30. Nd7 Rd8 31. Qb6 Rxd7 32. Qxa7 axb5 33. Qb6 f5 34.
Qxb5 Qf7 35. f3 h5 36. Nc4 g5 37. Na5 g4 38. fxg4 hxg4 39. Rab1 1-0

[Event "MCR_EM_CF10"]
[Site "?"]
[Date "2004.??.??"]
[Round "?"]
[White "Lehovcova, Jana"]
[Black "Glaser, Karel"]
[Result "0-1"]
[WhiteElo "1834"]
[BlackElo "2082"]
[PlyCount "82"]
[EventDate "2004.??.??"]

1. d4 Nf6 2. Nc3 d5 3. Bg5 c6 4. e3 Bf5 5. Bxf6 gxf6 6. Nge2 Nd7 7. Ng3 Bg6 8.
h4 h6 9. Bd3 Bxd3 10. Qxd3 e6 11. O-O-O f5 12. Nce2 Rg8 13. Kb1 Nf6 14. Nf4 Bd6
15. h5 Ne4 16. Nxe4 fxe4 17. Qb3 Qb6 18. Qxb6 axb6 19. Rdg1 b5 20. f3 b4 21.
fxe4 dxe4 22. g4 Rg5 23. Ne2 Kd7 24. c4 Rag8 25. c5 Bc7 26. Kc2 Rxg4 27. Kb3
Rxg1 28. Rxg1 Rxg1 29. Nxg1 Bg3 30. Kxb4 Bf2 31. Ne2 Bxe3 32. Ka5 f5 33. Kb4 e5
34. Kc4 Ke6 35. a4 f4 36. Nc3 Kf5 37. d5 f3 38. dxc6 bxc6 39. Nd1 Bd2 40. b4 e3
41. Kd3 e4+ 0-1

[Event "MCR_EM_CF10"]
[Site "?"]
[Date "2004.??.??"]
[Round "?"]
[White "Glaser, Karel"]
[Black "Pauschek, Roman"]
[Result "1-0"]
[WhiteElo "2082"]
[BlackElo "2082"]
[PlyCount "75"]
[EventDate "2004.??.??"]

1. e4 e5 2. Nf3 Nc6 3. Bb5 a6 4. Ba4 Nf6 5. O-O Be7 6. Re1 b5 7. Bb3 O-O 8. c3
d5 9. exd5 Nxd5 10. Nxe5 Nxe5 11. Rxe5 c6 12. d4 Bd6 13. Re1 Qh4 14. g3 Qh3 15.
Be3 Bg4 16. Qd3 Rae8 17. Nd2 Re6 18. a4 f5 19. axb5 f4 20. Bxf4 Bxf4 21. Rxe6
Bxe6 22. bxa6 Bxd2 23. a7 Ra8 24. Qxd2 Bf7 25. Qe2 Qd7 26. Qa6 h6 27. Bc2 Nf4
28. Be4 Bd5 29. Bxd5+ Nxd5 30. c4 Ne7 31. Qb6 Kh7 32. Qb8 Qc8 33. Qxc8 Nxc8 34.
Ra6 Rxa7 35. Rxc6 Ne7 36. Rb6 Rc7 37. b3 Rd7 38. d5 1-0

[Event "MCR_EM_CF10"]
[Site "?"]
[Date "2004.??.??"]
[Round "?"]
[White "Pauschek, Roman"]
[Black "Glaser, Karel"]
[Result "1/2-1/2"]
[WhiteElo "2082"]
[BlackElo "2082"]
[PlyCount "70"]
[EventDate "2004.??.??"]

1. e4 e5 2. Nf3 Nc6 3. Bb5 a6 4. Ba4 Nf6 5. O-O Be7 6. Re1 b5 7. Bb3 d6 8. c3
O-O 9. d4 Bg4 10. d5 Na5 11. Bc2 Qc8 12. h3 Bd7 13. Nbd2 c6 14. dxc6 Qxc6 15.
Nf1 Nc4 16. Ne3 Rac8 17. Nd5 Nxd5 18. Qxd5 Qxd5 19. exd5 f5 20. a4 b4 21. cxb4
e4 22. Nd4 Bf6 23. Rd1 Bxd4 24. Rxd4 Nxb2 25. Bb3 Rc3 26. Bd1 Nxd1 27. Rxd1 f4
28. Re1 Rc4 29. b5 axb5 30. axb5 Bxb5 31. Ba3 Ra4 32. Bxd6 Rxa1 33. Rxa1 Rf5
34. Ra5 Bc4 35. Rc5 Bb3 1/2-1/2

[Event "MCR_EM_CF10"]
[Site "?"]
[Date "2004.??.??"]
[Round "?"]
[White "Mateka, Petr"]
[Black "Lehovcova, Jana"]
[Result "1-0"]
[WhiteElo "2000"]
[BlackElo "1834"]
[PlyCount "65"]
[EventDate "2004.??.??"]

1. e4 e5 2. Nf3 Nf6 3. Nxe5 d6 4. Nf3 Nxe4 5. Qe2 Qe7 6. d3 Nf6 7. Nc3 Bg4 8.
Be3 Nc6 9. d4 O-O-O 10. d5 Ne5 11. O-O-O Kb8 12. h3 Bxf3 13. gxf3 Re8 14. Qb5
a6 15. Qa4 Qd7 16. Bb5 c6 17. dxc6 Nxc6 18. Be2 Qc7 19. Rd2 h6 20. Rhd1 g5 21.
f4 Rg8 22. Kb1 Rg7 23. Bf3 Rg6 24. Bd4 Nxd4 25. Rxd4 Qd7 26. Qb3 Ka7 27. f5 Rg8
28. Rb4 d5 29. Rb6 g4 30. hxg4 Nxg4 31. Bxd5 Rb8 32. Bg2 Qe7 33. Rdd6 1-0

[Event "MCR_EM_CF10"]
[Site "?"]
[Date "2004.??.??"]
[Round "?"]
[White "Zahour, Jiri"]
[Black "Mateka, Petr"]
[Result "1/2-1/2"]
[WhiteElo "2114"]
[BlackElo "2000"]
[PlyCount "95"]
[EventDate "2004.??.??"]

1. e4 e5 2. Nf3 Nc6 3. d4 exd4 4. Bc4 Bb4+ 5. c3 dxc3 6. bxc3 Bd6 7. O-O Qf6 8.
Nd4 a6 9. f4 Bc5 10. e5 Qh4 11. Kh1 Nh6 12. Nf3 Qh5 13. Nbd2 Nf5 14. Ne4 Ba7
15. g4 Qxg4 16. Bxf7+ Kf8 17. Nf2 Bxf2 18. Rxf2 Nce7 19. Rg2 Qh3 20. Bd5 Nxd5
21. Qxd5 Ke8 22. Ng5 Qh5 23. Ba3 h6 24. e6 hxg5 25. Qxf5 d6 26. Re1 b6 27. Qd5
Ra7 28. Qc6+ Ke7 29. Kg1 g6 30. fxg5 Rf8 31. Rg3 Qh4 32. Bc1 Rf5 33. Bd2 a5 34.
a3 a4 35. Qg2 Qc4 36. Qh3 Bxe6 37. Qh7+ Kd8 38. Qxg6 Qc5+ 39. Be3 Qxc3 40. Bf2
Qd2 41. Qxe6 Qxf2+ 42. Kh1 Re5 43. Rxe5 Qf1+ 44. Rg1 Qf3+ 45. Rg2 Qf1+ 46. Rg1
Qf3+ 47. Rg2 Qf1+ 48. Rg1 1/2-1/2

[Event "MCR_EM_CF10"]
[Site "?"]
[Date "2004.??.??"]
[Round "?"]
[White "Zahour, Jiri"]
[Black "Glaser, Karel"]
[Result "1-0"]
[WhiteElo "2114"]
[BlackElo "2082"]
[PlyCount "117"]
[EventDate "2004.??.??"]

1. e4 e5 2. Nf3 Nc6 3. d4 exd4 4. Nxd4 Nf6 5. Nxc6 bxc6 6. Bd3 d5 7. Qe2 Be7 8.
O-O O-O 9. Nd2 Re8 10. e5 Bf8 11. f4 Bc5+ 12. Kh1 a5 13. Nf3 a4 14. c4 h6 15.
Qc2 Nd7 16. Bd2 Bb6 17. b4 axb3 18. axb3 Bb7 19. Rad1 d4 20. Bh7+ Kh8 21. Be4
Ra7 22. b4 c5 23. Bxb7 Rxb7 24. bxc5 Nxc5 25. Be3 d3 26. Qb1 Ba5 27. Qa2 Bb4
28. Bxc5 Bxc5 29. Qa5 Be3 30. Qe1 Bc5 31. Qa5 Be3 32. f5 Rb3 33. Qa4 Rb8 34.
Qa3 Bf4 35. Qc3 Qe7 36. Rfe1 Qd7 37. g3 d2 38. Rf1 Bg5 39. Nxg5 hxg5 40. Rxd2
Qc6+ 41. Rd5 Rb5 42. Qd4 Rb4 43. Rc1 Ra4 44. Qe4 Kg8 45. Rc2 g4 46. Kg2 Rb4 47.
Rd4 Rb6 48. Qxc6 Rxc6 49. Re2 Rf6 50. Rf4 g5 51. fxg6 Rxg6 52. Ree4 Kf8 53.
Rxg4 Rxg4 54. Rxg4 Rxe5 55. Kf3 Rc5 56. h4 f5 57. Rg5 Rxc4 58. Rxf5+ Kg7 59. g4
1-0

[Event "MCR_EM_CF10"]
[Site "?"]
[Date "2004.??.??"]
[Round "?"]
[White "Zahour, Jiri"]
[Black "Peterka, Jiri"]
[Result "1-0"]
[WhiteElo "2114"]
[BlackElo "2023"]
[PlyCount "88"]
[EventDate "2004.??.??"]

1. d4 d5 2. c4 c6 3. e3 Nf6 4. Nc3 Bf5 5. cxd5 Nxd5 6. Qb3 Nxc3 7. bxc3 Qb6 8.
Ba3 Nd7 9. Nf3 e6 10. Bxf8 Qxb3 11. axb3 Kxf8 12. Nh4 Be4 13. b4 Ke7 14. c4 c5
15. bxc5 b6 16. cxb6 axb6 17. Rxa8 Rxa8 18. Nf3 Ra1+ 19. Ke2 Bc6 20. Nd2 b5 21.
c5 b4 22. f3 Ba4 23. g3 b3 24. Bg2 Bb5+ 25. Kf2 Ra2 26. Rd1 Rc2 27. Bf1 b2 28.
Ke1 Bxf1 29. Nxf1 f5 30. Nd2 Nf6 31. Ke2 Nd5 32. Rg1 Rc1 33. Rg2 Nc3+ 34. Kd3
Nb5 35. c6 Na3 36. Nb1 Rxb1 37. Kc3 Nc4 38. Rxb2 Nxb2 39. Kc2 Re1 40. Kxb2 Rxe3
41. f4 Kd6 42. c7 Kxc7 43. Kc1 Re2 44. h4 Kd6 1-0

[Event "MCR_EM_CF10"]
[Site "?"]
[Date "2004.??.??"]
[Round "?"]
[White "Glaser, Karel"]
[Black "Peterka, Jiri"]
[Result "1-0"]
[WhiteElo "2082"]
[BlackElo "2023"]
[PlyCount "115"]
[EventDate "2004.??.??"]

1. e4 c5 2. Nf3 d6 3. d4 cxd4 4. Nxd4 Nf6 5. Nc3 a6 6. Be3 e6 7. Be2 Qc7 8. a4
b6 9. f4 Bb7 10. Bd3 Be7 11. O-O Nbd7 12. Qf3 O-O 13. f5 e5 14. Nb3 Rfe8 15.
Rfe1 Red8 16. Rad1 Nc5 17. Nxc5 dxc5 18. Qe2 Kh8 19. Bg5 Ng8 20. Bxe7 Nxe7 21.
Bc4 Ng8 22. Rxd8 Rxd8 23. Bxa6 Bxa6 24. Qxa6 Rd2 25. Re2 Qd8 26. h3 Nf6 27. Kh2
h6 28. b3 Kh7 29. Nd5 Rd1 30. Nxf6+ Qxf6 31. Re3 Qg5 32. Qe2 c4 33. Qf2 Ra1 34.
Qg3 Qd8 35. Qxe5 Qd1 36. Qc3 Qg1+ 37. Kg3 cxb3 38. Qxb3 Rxa4 39. f6 Ra8 40.
fxg7 Rg8 41. Re2 Rxg7+ 42. Kh4 Qc5 43. g4 Qe7+ 44. Kg3 f5 45. Qd5 Qc7+ 46. e5
fxg4 47. Qd3+ Kh8 48. hxg4 h5 49. Re4 Qc5 50. Kg2 Qc6 51. Kh3 Qc5 52. Kg2 Qc6
53. Kf2 Qc5+ 54. Ke2 Qg1 55. Qf3 Kg8 56. e6 hxg4 57. Qd3 Qh2+ 58. Kd1 1-0

[Event "MCR_EM_CF10"]
[Site "?"]
[Date "2004.??.??"]
[Round "?"]
[White "Peterka, Jiri"]
[Black "Machotka, Jaroslav"]
[Result "0-1"]
[WhiteElo "2023"]
[BlackElo "1895"]
[PlyCount "80"]
[EventDate "2004.??.??"]

1. d4 Nf6 2. Nf3 d5 3. c4 e6 4. g3 Bb4+ 5. Nbd2 dxc4 6. Bg2 c3 7. bxc3 Bxc3 8.
Rb1 Nc6 9. Bb2 Bxb2 10. Rxb2 O-O 11. e3 b6 12. Ne5 Nxe5 13. dxe5 Nd5 14. Qb3
Bb7 15. O-O Rb8 16. Rc1 f5 17. Rbc2 Rf7 18. Nf3 c5 19. Rd2 Rc8 20. h4 h6 21. a4
Qe8 22. Ne1 Rfc7 23. Qc4 Bc6 24. Nd3 Rd8 25. Nb2 Rcd7 26. Qb3 Nb4 27. Rxd7 Rxd7
28. Bxc6 Nxc6 29. Nc4 Rd5 30. Qb5 Qd7 31. Kg2 Nxe5 32. Nxe5 Qxb5 33. axb5 Rxe5
34. h5 c4 35. Rxc4 Rxb5 36. Rc8+ Kh7 37. Ra8 a5 38. Kf3 Rb4 39. Ke2 Rb2+ 40.
Kf1 e5 0-1

[Event "MCR_EM_CF10"]
[Site "?"]
[Date "2004.??.??"]
[Round "?"]
[White "Machotka, Jaroslav"]
[Black "Glaser, Karel"]
[Result "1-0"]
[WhiteElo "1895"]
[BlackElo "2082"]
[PlyCount "85"]
[EventDate "2004.??.??"]

1. e4 e5 2. Nf3 Nc6 3. Bb5 a6 4. Ba4 Nf6 5. O-O Be7 6. Re1 b5 7. Bb3 O-O 8. c3
d6 9. d4 Bg4 10. Be3 d5 11. exd5 exd4 12. Bxd4 Nxd4 13. cxd4 Re8 14. h3 Bh5 15.
g4 Bg6 16. Ne5 Bd6 17. f4 h6 18. Qf3 Bh7 19. Nc3 Nd7 20. Re2 Nb6 21. Rae1 f6
22. Nc6 Rxe2 23. Rxe2 Qf8 24. Ne4 Kh8 25. Nxd6 Qxd6 26. a3 a5 27. Re6 Qd7 28.
Ne7 Re8 29. Qe2 a4 30. Ba2 Rf8 31. f5 Nc8 32. Kg2 Nd6 33. h4 Re8 34. g5 Rxe7
35. Rxe7 Qxf5 36. Qf3 Qc2+ 37. Re2 Qg6 38. Qf4 Qd3 39. Rd2 Qg6 40. Kg1 hxg5 41.
hxg5 Ne4 42. d6 Nxd6 43. Rh2 1-0

[Event "MCR_EM_CF10"]
[Site "?"]
[Date "2004.??.??"]
[Round "?"]
[White "Zahour, Jiri"]
[Black "Pauschek, Roman"]
[Result "1/2-1/2"]
[WhiteElo "2114"]
[BlackElo "2082"]
[PlyCount "101"]
[EventDate "2004.??.??"]

1. e4 e5 2. Nf3 Nc6 3. d4 exd4 4. Nxd4 Bc5 5. Nxc6 Qf6 6. Qd2 dxc6 7. Nc3 Be6
8. Na4 Rd8 9. Bd3 Bd4 10. O-O b5 11. Nc3 Ne7 12. Kh1 O-O 13. f4 Rfe8 14. Qe1
Bxc3 15. bxc3 Bc4 16. Bxc4 bxc4 17. Be3 a6 18. Bd4 Qh6 19. f5 Nd5 20. e5 Qg5
21. Rf3 Qe7 22. Rg3 g6 23. e6 c5 24. Be3 Nxe3 25. Qxe3 Rd5 26. Qe4 Red8 27. Rf1
Rd1 28. Qxc4 Rxf1+ 29. Qxf1 Kg7 30. fxg6 hxg6 31. exf7 Qxf7 32. Qxf7+ Kxf7 33.
h4 Rd1+ 34. Kh2 Ra1 35. Rg5 Rxa2 36. Rxc5 Rxc2 37. Rxc7+ Kf6 38. Rc6+ Kf7 39.
Rxa6 Rxc3 40. Ra7+ Kf6 41. g3 g5 42. Ra6+ Kf7 43. hxg5 Rc5 44. g6+ Kg7 45. Kh3
Rc4 46. Rb6 Kh6 47. Rd6 Re4 48. Rc6 Rd4 49. g4 Kg7 50. g5 Rb4 51. Kg3 1/2-1/2

[Event "MCR_EM_CF10"]
[Site "?"]
[Date "2004.??.??"]
[Round "?"]
[White "Peterka, Jiri"]
[Black "Lehovcova, Jana"]
[Result "1-0"]
[WhiteElo "2023"]
[BlackElo "1834"]
[PlyCount "83"]
[EventDate "2004.??.??"]

1. d4 d5 2. c4 dxc4 3. e3 Be6 4. Nf3 c6 5. Nc3 b5 6. a4 Qa5 7. Bd2 b4 8. Na2 c3
9. bxc3 Bxa2 10. c4 Bxc4 11. Bxc4 Nd7 12. Bd3 e6 13. Rc1 Qb6 14. Qc2 Ne7 15.
O-O Rb8 16. e4 h6 17. Qb3 g5 18. Be3 Qb7 19. Nd2 a5 20. Nc4 Qc7 21. f4 Rg8 22.
Be2 Rg7 23. Ne5 Nxe5 24. fxe5 Qd7 25. Rc5 Ra8 26. Rd1 Qb7 27. Rdc1 Rg6 28. Bh5
Ra6 29. Rf1 Qd7 30. Qc4 Qb7 31. Qa2 Kd7 32. Rxf7 b3 33. Qb2 Rg8 34. d5 exd5 35.
exd5 Qb4 36. dxc6+ Kc7 37. Rc3 Rxc6 38. Rxc6+ Kxc6 39. Qc1+ Kd7 40. Bc5 Qxa4
41. Qd1+ Kc8 42. Bg4+ 1-0

[Event "MCR_EM_CF10"]
[Site "?"]
[Date "2004.??.??"]
[Round "?"]
[White "Mateka, Petr"]
[Black "Peterka, Jiri"]
[Result "1/2-1/2"]
[WhiteElo "2000"]
[BlackElo "2023"]
[PlyCount "100"]
[EventDate "2004.??.??"]

1. d4 Nf6 2. c4 e6 3. Nc3 Bb4 4. e3 O-O 5. Bd3 d5 6. a3 Bxc3+ 7. bxc3 dxc4 8.
Bxc4 c5 9. Bb2 Qc7 10. Bd3 Nc6 11. Nf3 Rd8 12. Qc2 b6 13. dxc5 bxc5 14. O-O h6
15. Rfd1 Rb8 16. Rab1 e5 17. Nd2 Bg4 18. f3 Nd5 19. Re1 Be6 20. c4 Nf6 21. Bc3
Rxb1 22. Qxb1 Kh8 23. Rf1 Qc8 24. Nb3 Nd7 25. Qc2 Qc7 26. Rc1 Ne7 27. Re1 Nb6
28. Ba1 f6 29. f4 exf4 30. exf4 Bf7 31. f5 Nec8 32. Bc3 Qd6 33. Bf1 Bxc4 34.
Bxc4 Nxc4 35. Bxf6 Nxa3 36. Bxg7+ Kxg7 37. Qb2+ Kh7 38. Qxa3 c4 39. Nc5 Rf8 40.
Qb4 Qd4+ 41. Kh1 Qd5 42. Ne4 Rxf5 43. Qb1 Kg7 44. h3 Re5 45. Qb2 Kg6 46. Qe2 h5
47. Qf3 Re6 48. Qg3+ Kh6 49. Qf4+ Kg7 50. Qg3+ Kh6 1/2-1/2

[Event "MCR_EM_CF10"]
[Site "?"]
[Date "2004.??.??"]
[Round "?"]
[White "Zahour, Jiri"]
[Black "Lehovcova, Jana"]
[Result "1-0"]
[WhiteElo "2114"]
[BlackElo "1834"]
[PlyCount "115"]
[EventDate "2004.??.??"]

1. e4 e5 2. Nf3 Nf6 3. d4 exd4 4. e5 Nd5 5. Qxd4 Nb6 6. Nc3 Nc6 7. Qe4 Bb4 8.
Bg5 Bxc3+ 9. bxc3 Ne7 10. Rd1 h6 11. Bh4 c6 12. Bxe7 Qxe7 13. Rd6 f6 14. Bd3
fxe5 15. Qxe5 Rf8 16. Rg6 Rf7 17. O-O Qxe5 18. Nxe5 Re7 19. Re1 Nd5 20. Kf1
Nxc3 21. Rg3 Nd5 22. Bg6+ Kf8 23. c4 Nc7 24. Bh7 Ke8 25. Rge3 g5 26. Rf3 Ne6
27. Bg6+ Kd8 28. Nf7+ Kc7 29. Nxh6 Rg7 30. Bf5 Nc5 31. Re8 b6 32. Bc2 Ne6 33.
Rg3 Bb7 34. Rxa8 Bxa8 35. Nf5 Rf7 36. Ne3 d5 37. Bf5 Kd6 38. Bxe6 Kxe6 39. Rxg5
d4 40. Ng4 Bb7 41. h4 c5 42. h5 Rf8 43. f3 Ba6 44. Ne5 Rf6 45. Ke2 Bc8 46. g3
Bb7 47. f4 Be4 48. Ng4 Rf5 49. Rxf5 Bxf5 50. Ne5 Be4 51. g4 Kf6 52. h6 Bh7 53.
g5+ Kf5 54. a4 a6 55. Kd2 a5 56. Kd3 Bg8 57. g6 Kf6 58. f5 1-0

[Event "MCR_EM_CF10"]
[Site "?"]
[Date "2004.??.??"]
[Round "?"]
[White "Lehovcova, Jana"]
[Black "Peterka, Jiri"]
[Result "0-1"]
[WhiteElo "1834"]
[BlackElo "2023"]
[PlyCount "92"]
[EventDate "2004.??.??"]

1. e4 e5 2. Nf3 Nc6 3. Bb5 a6 4. Bxc6 dxc6 5. O-O Qd6 6. b3 Bg4 7. h3 Bh5 8.
Bb2 f6 9. Ba3 c5 10. d3 Ne7 11. Nbd2 Nc6 12. Re1 O-O-O 13. Bb2 Qe7 14. a3 g5
15. b4 Qg7 16. b5 axb5 17. a4 b4 18. a5 g4 19. hxg4 Qxg4 20. a6 Rg8 21. g3 b6
22. Qe2 c4 23. a7 Kb7 24. a8=Q+ Rxa8 25. Rxa8 Kxa8 26. dxc4 Kb8 27. Qf1 Bc5 28.
Kg2 Rd8 29. Ra1 Na5 30. Rb1 Qe6 31. Ra1 Bg4 32. Qe2 Bh3+ 33. Kh2 Qg4 34. Re1
Qh5 35. Nh4 Bg4 36. f3 Qg5 37. Nf1 Be6 38. Rd1 Rxd1 39. Qxd1 Nxc4 40. Kg2 Ne3+
41. Nxe3 Qxe3 42. Kh2 Qf2+ 43. Ng2 Bc4 44. f4 Bf1 45. Qd8+ Kb7 46. Qd5+ c6 0-1

[Event "MCR_EM_CF10"]
[Site "?"]
[Date "2004.??.??"]
[Round "?"]
[White "Mateka, Petr"]
[Black "Zahour, Jiri"]
[Result "1/2-1/2"]
[WhiteElo "2000"]
[BlackElo "2114"]
[PlyCount "135"]
[EventDate "2004.??.??"]

1. e4 Nf6 2. e5 Nd5 3. d4 d6 4. c4 Nb6 5. f4 Bf5 6. Be3 e6 7. Nc3 dxe5 8. fxe5
Bb4 9. Nf3 c5 10. a3 Bxc3+ 11. bxc3 Nc6 12. Be2 O-O 13. O-O Rc8 14. Bg5 Qd7 15.
Re1 Bg4 16. dxc5 Qxd1 17. Raxd1 Na4 18. h3 Bh5 19. g4 Bg6 20. Bf1 h6 21. Bh4
Nxc5 22. Nd4 Na5 23. Nb5 a6 24. Nd6 Rc7 25. Bf2 Nab3 26. Bg2 b6 27. Re3 Rb8 28.
h4 Na4 29. h5 Bh7 30. Bf1 Rd7 31. Bh4 Nb2 32. Rde1 Nd2 33. Be2 f6 34. Bg3 fxe5
35. Bxe5 Rbd8 36. c5 bxc5 37. Bxa6 Rxd6 38. Bxd6 Rxd6 39. Rxe6 Rxe6 40. Rxe6
Be4 41. Kf2 Kf7 42. Re5 Bd3 43. Bb7 Bc4 44. Ke3 Nb3 45. Bf3 Be6 46. Be2 Kf6 47.
Re4 Na5 48. Kf4 Nac4 49. Bxc4 Bxc4 50. Re3 Be6 51. Rg3 Bb3 52. g5+ hxg5+ 53.
Rxg5 Nd3+ 54. Kg4 Bd1+ 55. Kh4 Ne5 56. Rg2 g5+ 57. hxg6 Nxg6+ 58. Kg3 Ke6 59.
Rh2 Ne7 60. Kf2 Kd5 61. Ke1 Bb3 62. Kd2 Nc8 63. Kd3 Nb6 64. Rh5+ Kc6 65. Rh4
Kb5 66. Rg4 Ba2 67. Kc2 Bf7 68. Kd3 1/2-1/2

[Event "MCR_EM_CF10"]
[Site "?"]
[Date "2004.??.??"]
[Round "?"]
[White "Lehovcova, Jana"]
[Black "Pauschek, Roman"]
[Result "0-1"]
[WhiteElo "1834"]
[BlackElo "2082"]
[PlyCount "96"]
[EventDate "2004.??.??"]

1. d4 d5 2. c4 e6 3. Nc3 Nf6 4. Bg5 Nbd7 5. e3 c6 6. Nf3 Qa5 7. cxd5 Nxd5 8.
Qb3 f6 9. Bh4 Bb4 10. Rc1 e5 11. e4 exd4 12. Nxd4 Nc5 13. Qc2 Nxc3 14. bxc3 Ba3
15. Rb1 Na4 16. Ne2 Bc5 17. Bg3 O-O 18. Bf4 Re8 19. Bd2 Nb6 20. Nc1 f5 21. f3
fxe4 22. fxe4 Bf5 23. Bd3 Rxe4+ 24. Bxe4 Re8 25. Qb3+ Kh8 26. Kd1 Rxe4 27. Nd3
Bg4+ 28. Kc2 Be6 29. c4 Re2 30. Qc3 Qa4+ 31. Qb3 Rxd2+ 32. Kxd2 Nxc4+ 33. Ke1
Qa5+ 34. Nb4 Bxb4+ 35. Qxb4 Qe5+ 36. Kd1 Qd4+ 37. Kc1 Qe3+ 38. Kc2 Bf5+ 39. Kd1
Qd4+ 40. Kc1 c5 41. Qxc4 Qxc4+ 42. Kb2 Bxb1 43. Kxb1 Qe4+ 44. Kc1 Qxg2 45. Rd1
Qxa2 46. Rd8+ Qg8 47. Rxg8+ Kxg8 48. Kc2 b5 0-1

[Event "MCR_EM_CF10"]
[Site "?"]
[Date "2004.??.??"]
[Round "?"]
[White "Peterka, Jiri"]
[Black "Mateka, Petr"]
[Result "1/2-1/2"]
[WhiteElo "2023"]
[BlackElo "2000"]
[PlyCount "100"]
[EventDate "2004.??.??"]

1. d4 Nf6 2. c4 e6 3. Nc3 Bb4 4. e3 O-O 5. Bd3 d5 6. a3 Bxc3+ 7. bxc3 dxc4 8.
Bxc4 c5 9. Bb2 Qc7 10. Bd3 Nc6 11. Nf3 Rd8 12. Qc2 b6 13. dxc5 bxc5 14. O-O h6
15. Rfd1 Rb8 16. Rab1 e5 17. Nd2 Bg4 18. f3 Nd5 19. Re1 Be6 20. c4 Nf6 21. Bc3
Rxb1 22. Qxb1 Kh8 23. Rf1 Qc8 24. Nb3 Nd7 25. Qc2 Qc7 26. Rc1 Ne7 27. Re1 Nb6
28. Ba1 f6 29. f4 exf4 30. exf4 Bf7 31. f5 Nec8 32. Bc3 Qd6 33. Bf1 Bxc4 34.
Bxc4 Nxc4 35. Bxf6 Nxa3 36. Bxg7+ Kxg7 37. Qb2+ Kh7 38. Qxa3 c4 39. Nc5 Rf8 40.
Qb4 Qd4+ 41. Kh1 Qd5 42. Ne4 Rxf5 43. Qb1 Kg7 44. h3 Re5 45. Qc2 Kg6 46. Qe2 h5
47. Qf3 Re6 48. Qg3+ Kh6 49. Qf4+ Kg7 50. Qg3+ Kh6 1/2-1/2

[Event "MCR_EM_CF10"]
[Site "?"]
[Date "2004.??.??"]
[Round "?"]
[White "Glaser, Karel"]
[Black "Machotka, Jaroslav"]
[Result "0-1"]
[WhiteElo "2082"]
[BlackElo "1895"]
[PlyCount "94"]
[EventDate "2004.??.??"]

1. e4 e5 2. Nf3 Nc6 3. Bb5 a6 4. Ba4 Nf6 5. O-O d6 6. Qe1 b5 7. Bb3 Be7 8. c3
O-O 9. h3 Na5 10. Bc2 c5 11. d4 Qc7 12. Nbd2 cxd4 13. cxd4 Bb7 14. d5 Bc8 15.
b4 Nc4 16. Nxc4 Qxc4 17. Bd2 Bd7 18. Rc1 Qc7 19. Bd3 Qb7 20. Qe2 Bd8 21. Rc3
Bb6 22. Rfc1 Rfc8 23. R3c2 Rxc2 24. Rxc2 Rc8 25. Rxc8+ Qxc8 26. Ne1 Ne8 27. Qf3
Bd4 28. Nc2 Bc3 29. Bg5 h6 30. Be7 Qc7 31. Bh4 g5 32. Bg3 Bd2 33. Qe2 Qc3 34.
Bh2 f5 35. exf5 Nf6 36. a3 Be8 37. Bg3 Nxd5 38. f6 Nxf6 39. Qf3 Kf7 40. Qb7+
Ke6 41. Qf3 Bc6 42. Qf5+ Ke7 43. Qg6 Be8 44. Qg7+ Ke6 45. Bh7 h5 46. f3 Bf7 47.
Bf2 Qb3 0-1

[Event "MCR_EM_CF10"]
[Site "?"]
[Date "2004.??.??"]
[Round "?"]
[White "Peterka, Jiri"]
[Black "Glaser, Karel"]
[Result "1/2-1/2"]
[WhiteElo "2023"]
[BlackElo "2082"]
[PlyCount "138"]
[EventDate "2004.??.??"]

1. d4 Nf6 2. c4 e6 3. Nf3 d5 4. Nc3 c6 5. e3 Nbd7 6. Bd3 dxc4 7. Bxc4 b5 8. Bd3
a6 9. a4 b4 10. Ne4 c5 11. Nxf6+ Nxf6 12. O-O Bb7 13. dxc5 Bxc5 14. Qe2 O-O 15.
e4 e5 16. Bg5 Qd6 17. Rfd1 Rac8 18. a5 Rc7 19. Rd2 Qe6 20. b3 h6 21. Bc4 Qc6
22. Bxf6 Qxf6 23. Rad1 Be7 24. Rd7 Rfc8 25. h3 Kh7 26. h4 g6 27. R7d3 Qf4 28.
Re1 Qf6 29. Qd2 Re8 30. Rd7 Rec8 31. Re3 Bc6 32. Rxc7 Rxc7 33. Re1 Bb7 34. Bd5
Kg7 35. Bxb7 Rxb7 36. h5 gxh5 37. Qb2 Rb5 38. Nd2 Rxa5 39. Nc4 Rc5 40. Ne3 h4
41. Nd5 Qe6 42. Nxb4 h3 43. Nd5 hxg2 44. f4 Bh4 45. Rd1 Qg4 46. Qxg2 Qxg2+ 47.
Kxg2 exf4 48. Kf3 Bg5 49. b4 Rc6 50. Rh1 Rd6 51. Kg4 Kg6 52. Rd1 h5+ 53. Kf3
Kh6 54. Rd3 f6 55. Rd1 Rc6 56. Rd3 Rd6 57. Rd1 Kh7 58. Rb1 Kg7 59. Nxf4 Bxf4
60. Kxf4 Rb6 61. Rg1+ Kh7 62. Ra1 Kh6 63. Kf5 Kg7 64. Kf4 Kg6 65. Rg1+ Kf7 66.
Rh1 Rb5 67. Ra1 Rxb4 68. Rxa6 Rb5 69. Ra7+ Kg6 1/2-1/2

[Event "MCR_EM_CF10"]
[Site "?"]
[Date "2004.??.??"]
[Round "?"]
[White "Lehovcova, Jana"]
[Black "Machotka, Jaroslav"]
[Result "0-1"]
[WhiteElo "1834"]
[BlackElo "1895"]
[PlyCount "94"]
[EventDate "2004.??.??"]

1. d4 Nf6 2. Nc3 d5 3. Bg5 Nbd7 4. e3 c6 5. Nf3 h6 6. Bf4 Qb6 7. Rb1 g5 8. Bg3
Nh5 9. Be5 Rg8 10. Bd3 g4 11. Bh7 gxf3 12. Bxg8 Nhf6 13. Bxf7+ Kxf7 14. Qxf3
Qa6 15. Qf4 Qc4 16. a3 Nxe5 17. Qxe5 b5 18. f3 a5 19. Ra1 e6 20. Kd1 b4 21. Ne2
bxa3 22. bxa3 c5 23. Qc7+ Bd7 24. Qb7 Rc8 25. Qb3 cxd4 26. exd4 Qc7 27. h3 e5
28. g4 exd4 29. Nxd4 Qe5 30. Qd3 Bc5 31. Nb3 Qb2 32. Kd2 Bxa3 33. Rxa3 Qxa3 34.
Nd4 Qb2 35. Re1 a4 36. h4 Rc4 37. Nf5 Bxf5 38. Qxf5 Kg7 39. Kd1 Qb1+ 40. Ke2
Rxc2+ 41. Kf1 Qb2 42. Qe5 a3 43. g5 Qxe5 44. Rxe5 a2 45. Re1 hxg5 46. hxg5 Kg6
47. gxf6 Rb2 0-1

[Event "MCR_EM_CF10"]
[Site "?"]
[Date "2004.??.??"]
[Round "?"]
[White "Mateka, Petr"]
[Black "Machotka, Jaroslav"]
[Result "1/2-1/2"]
[WhiteElo "2000"]
[BlackElo "1895"]
[PlyCount "84"]
[EventDate "2004.??.??"]

1. e4 e5 2. Nf3 Nc6 3. Bb5 a6 4. Ba4 Nf6 5. O-O d6 6. Bxc6+ bxc6 7. d4 Nxe4 8.
Re1 f5 9. dxe5 d5 10. Nd4 Bc5 11. c3 O-O 12. f3 Ng5 13. Kh1 Bxd4 14. Bxg5 Qxg5
15. cxd4 Rb8 16. b3 Qh4 17. Qd2 f4 18. Nc3 Rf5 19. Ne2 Bd7 20. Rac1 Re8 21. h3
Re6 22. Ng1 Rg6 23. Re2 Rh5 24. Rce1 Be6 25. Qb4 h6 26. Qc3 Rg3 27. Qd2 c5 28.
dxc5 d4 29. Rf2 d3 30. b4 Rgg5 31. a3 Qg3 32. Rff1 Kf7 33. a4 c6 34. b5 axb5
35. axb5 cxb5 36. c6 Rh4 37. c7 Rgh5 38. Qf2 Qg5 39. Kh2 Qg3+ 40. Kh1 Qg5 41.
Kh2 Qg3+ 42. Kh1 Qg5 1/2-1/2